[Event "FRA-ch U10 Girls"]
[Site "Aix les Bains"]
[Date "2009.04.20"]
[Round "2"]
[White "Ducceschi, Leana"]
[Black "Le Bihan, Alison"]
[Result "0-1"]
[WhiteElo "1430"]
[BlackElo "1250"]
[PlyCount "96"]
[EventDate "2009.04.19"]
[EventType "swiss"]
[EventRounds "9"]
[EventCountry "FRA"]
[SourceTitle "CBM 130 Extra"]
[Source "ChessBase"]
[SourceDate "2009.07.02"]
[SourceVersion "2"]
[SourceVersionDate "2009.07.15"]
[SourceQuality "1"]

1. e4 c5 2. Nf3 Nc6 3. Bc4 g6 4. 0-0 Bg7 5. Nc3 d6 6. Bb5 Bd7 7. Bxc6 Bxc6 8. d3 Nf6 9. Bf4 0-0 10. Qd2 e6 11. Bg5 Qd7 12. Bxf6 Bxf6 13. Qh6 Bg7 14. Qg5 Qd8 15. Qe3 b6 16. Ng5 Bh6 17. h4 f6 18. Nxe6 Bxe3 19. Nxd8 Bxf2+ 20. Rxf2 Raxd8 21. g3 d5 22. exd5 Bxd5 23. Nb5 a6 24. Nc7 a5 25. c4 Bf7 26. Rxf6 Rxd3 27. Raf1 Rd7 28. Nb5 Rb7 29. Nd6 Rd7 30. Ne4 Re7 31. Ng5 h6 32. Nh3 Rb7 33. g4 Kg7 34. g5 h5 35. Nf4 a4 36. Ne6+ Bxe6 37. Rxf8 Bxc4 38. b3 Bxf1 39. Rxf1 axb3 40. axb3 Rf7 41. Ra1 Rf3 42. Ra7+ Kg8 43. Rb7 Rxb3 44. Kh2 c4 45. Rc7 c3 46. Rc8+ Kf7 47. Kg2 b5 48. Kf3 c2+ 0-1